000
00202 a2200097 4500
001
42110
100
_a
Kheli
245
_a
Soviet Nomes in Asia
260
_a
_b
Feroz Sons Ltd
_c
090
_c
26112
_d
26112
942
_a
NUST-CAE
_c
M
_c
17906
999
_c
277183
_d
277183